000 02469cam a22005294i 4500
003 PE-LiUPU
005 20250731165539.0
008 150625s r 000 0 d
035 _a(Sirsi) a32918
035 _a(Sirsi) a32918
040 _aPE-LiUPU
_bspa
_cPE-LiUPU
_erda
082 0 4 _a221.008
_bAB128
_221
100 1 _aBarbiero, Gianni,
_d1944-,
_eautor.
245 1 0 _aL'asino del nemico :
_brinuncia alla vendetta e amore del nemico nella legislazione dell'Antico Testamento (Es 23,4-5; Dt 22,1-4; Lv 19,17-18) /
_cGianni Barbiero.
264 1 _aRoma :
_bEditrice Pontificio istituto Biblico,
_c1991.
300 _a418 páginas :
_bilustraciones, graficos, tablas ;
_c24 cm.
336 _atext
_2rdacontent
337 _aunmediated
_2rdamedia
338 _avolume
_2rdacarrier
440 _aAnalecta Biblica ;
_n128
505 0 _aIl nemico nel codice dell'alleanza, Es 23, 4-5. -L'asino del nemico, Es 23, 4-5. -Fonti e contesto di Dt 22, 1-4. -L'asino del fratello. -Il contesto, Lv 19 (,11-18). -L'amore del nemico, Lv 19, 17-18. Tradizione letteraria e ambiente sociale.
526 _aSEG44
526 _aSEG26
526 _aP151
526 _aP150
526 _aP149
526 _aP146
526 _aP145
526 _aP126
526 _aP125
526 _aP92
526 _aP75
526 _aP74
526 _aP27
526 _aP15
650 0 4 _aBiblia.
_pA.T.
_pPentateuco
_xCrítica, interpretación, etc.
910 _a
942 _2ddc
_cBOOK
949 _aRC 221.008 AB 128
_wDEWEY
_c1
_i38058
_lRC
_mBUL
_r0
_sY
_tBOOK
_u2015-6-25
_xBIBLIOTECA
_zUNKNOWN
_0COMPRA
_o.CIRCNOTE. No olvidar cambiar la fecha de devolución!!!!!!!
_o.STAFF. Colección General
949 _aRC 221.008 AB 128
_wDEWEY
_c2
_i38057
_lRC
_mBUL
_r0
_sY
_tBOOK
_u2015-6-25
_xBIBLIOTECA
_zUNKNOWN
_0COMPRA
_o.CIRCNOTE. No olvidar cambiar la fecha de devolución!!!!!!!
_o.STAFF. Colección General
994 _aC0
_bPEPRU
596 _a1
999 _aRC 221.008 AB 128
_wDEWEY
_c40623
_i38058
_f2021-11-8
_g6
_lCCODEBUL1
_mBUL
_r1
_sY
_tBOOK
_u2015-6-25
_xTEOLOGIA
_zUNKNOWN
_0COMPRA
_o.CIRCNOTE. No olvidar cambiar la fecha de devolución!!!!!!!
_o.STAFF. Colección General
_d40623
999 _aRC 221.008 AB 128
_wDEWEY
_c2
_i38057
_f2021-11-8
_g6
_lCCODEBUL1
_mBUL
_r1
_sY
_tBOOK
_u2015-6-25
_xTEOLOGIA
_zUNKNOWN
_0COMPRA
_o.CIRCNOTE. No olvidar cambiar la fecha de devolución!!!!!!!
_o.STAFF. Colección General
980 _81
_gALBERTO SANCHEZ Responsable de Automatización